| 000 | 00415nam a2200157Ia 4500 | ||
|---|---|---|---|
| 008 | 210716s2007 xx 000 0 und d | ||
| 020 | _a8131707563 | ||
| 041 | _aeng | ||
| 082 | _a006.76 GHAR | ||
| 100 | _aGhaly, Ragae;Kothapalli, Krishna. | ||
| 245 | _aSAMS teach yourself EJB in 21 days. | ||
| 250 | _a1 | ||
| 260 |
_aNew Delhi _bPearson Education _c2007 |
||
| 300 | _axviii,614 | ||
| 650 | _aJava Programming | ||
| 999 |
_c190646 _d190646 |
||